000 00572nam a2200157Ia 4500
008 160316s1998 xxu||||| |||| 00| 0 eng d
082 _a320.800000
_bSTR
100 _a
245 _aStructure and operation of local and regional democracy : Portugal
250 _a
260 _aStrasbourg
_bCouncil of Europe
_c1998
300 _a37p
_b
_c
365 _b
650 _a1. Legal - Institutional Frame Work - Local - Regional Authorities - Portugal 2. Local - Regional - Self Government - Operation - Competancy - Financial - Human Resources - Portugal
700 _a
_a
999 _c17590
_d17590